|
|
|
|
| LEADER |
00000nbm0a2200000 4500 |
| 001 |
177638 |
| 005 |
20231101223339.0 |
| 035 |
|
|
|a (RuTPU)RU\TPU\book\192606
|
| 090 |
|
|
|a 177638
|
| 100 |
|
|
|a 20100323d1970 m y0rusy50 ca
|
| 101 |
0 |
|
|a rus
|
| 102 |
|
|
|a RU
|
| 105 |
|
|
|a a z 000zy
|
| 200 |
1 |
|
|a Автоматическая газокаротажная станция. Малогабаритная АГКС-М
|f Томское территориальное геологическое управление ; Центральная промыслово-геологическая экспедиция
|
| 210 |
|
|
|a Томск
|d 1970
|
| 215 |
|
|
|a 14 с.
|
| 300 |
|
|
|a Материалы удостоенные областной премии
|
| 610 |
1 |
|
|a рукописные работы
|
| 610 |
1 |
|
|a газокаротажные станции
|
| 610 |
1 |
|
|a нефть
|
| 610 |
1 |
|
|a поисковые работы
|
| 610 |
1 |
|
|a газ
|
| 610 |
1 |
|
|a углеводородные газы
|
| 610 |
1 |
|
|a промывочные жидкости
|
| 610 |
1 |
|
|a бурение
|
| 610 |
1 |
|
|a горные породы
|
| 610 |
1 |
|
|a процессы
|
| 610 |
1 |
|
|a автоматические газокаротажные станции
|
| 610 |
1 |
|
|a автоматизация
|
| 675 |
|
|
|a 550.84
|v 3
|
| 712 |
0 |
2 |
|a Томское территориальное геологическое управление
|2 stltpush
|3 (RuTPU)RU\TPU\col\12562
|9 25454
|
| 801 |
|
1 |
|a RU
|b 63413507
|c 20100323
|
| 801 |
|
2 |
|a RU
|b 63413507
|c 20161011
|g RCR
|
| 942 |
|
|
|c BK
|